Rodený románopisec Anatolij Ananiev

Podrobná bibliografia
Hlavný autor: Grinberg, Josif L'vovič, 1906-1980 (Autor)
Médium: Článok
Jazyk:slovenčina
Predmet:

MARC

LEADER 00000nab a2200000 a 4500
001 vtls000043469
003 SK-MaSNL
005 20260303175516.0
008 150430c1979 xo 0 slo
015 |a SNBRB19rr/mm-uuuuu 
035 |a CL0053564 
040 |a SNKBUCL  |b slo  |c SNKBUCL  |e AACR2 
041 0 |a slo 
044 |a xo  |c SK 
080 |a 82(091):882"19":92  |2 1981 
080 |a 882"19"  |2 1981 
080 |a 882(091)"19"  |2 1981 
080 |a 92 Ananiev, A.A.  |2 1981 
100 1 |a Grinberg, Josif L'vovič,  |d 1906-1980  |4 aut  |9 52767 
245 1 0 |a Rodený románopisec Anatolij Ananiev  |c Iosif Grinberg 
600 1 7 |a Ananiev, Anatolij Andrejevič,  |d 1925-2001  |2 snkbucl  |9 219067 
650 0 7 |a sovietska literatúra  |2 snkbucl  |9 22300 
655 7 |a články z novín a časopisov  |2 snkbucl  |9 267496 
655 7 |a články z odboru literárna veda a krásna literatúra  |2 snkbucl  |9 770045 
773 0 |t Sovětská literatura  |g Č. 7 (1979), s. 98-100 
850 |a Slovenská národná knižnica v Martine  |a MTA001 
852 |a SNK  |b KIS3GCP 
958 |a RK 
958 |a LX 
958 |a SK 
992 |a RBX 
999 |c 2102201  |d 2104131